000 01773cam a2200385 i 4500
001 EDZ0000175490
003 StDuBDS
005 20161031105232.0
006 m||||||||d||||||||
007 cr |||||||||||
008 131127s2014 cau fo| 001|0|eng|d
020 _a9781483346663 (ebook) :
_cNo price
040 _aStDuBDS
_beng
_cStDuBDS
_erda
_epn
049 _aAlfaisal Main Library
050 0 _aHV95
_b.E58 2014
082 0 4 _a361.97303
_223
245 0 0 _aEncyclopedia of human services and diversity /
_cLinwood H. Cousins, editor.
264 1 _aThousand Oaks, California :
_bSAGE Publications,
_c2014.
300 _a1 online resource
336 _atext
_2rdacontent
337 _acomputer
_2rdamedia
338 _aonline resource
_2rdacarrier
504 _aIncludes bibliographical references and index.
520 8 _aEncyclopedia of Human Services and Diversity is the first encyclopedia to reflect the changes in the mission of human services professionals as they face today's increasingly diverse service population. It provides human services students, professors, librarians, and practitioners the reference information they need to meet the needs of an increasingly diverse population.
521 _aSpecialized.
588 _aDescription based on online resource; title from home page (viewed on December 22, 2014).
650 0 _aSocial service
_zUnited States.
650 0 _aSocial work with minorities
_zUnited States.
655 7 _aElectronic books.
_2local
700 1 _aCousins, Linwood H.,
_d1955-
_eeditor.
710 2 _aSage eBooks
776 0 8 _iPrint version :
_z9781452287485
856 4 0 _uhttp://ezproxy.alfaisal.edu/login?url=http://sk.sagepub.com/reference/encyclopedia-of-human-services-and-diversity
942 _2lcc
_cEBOOKS
999 _c482338
_d482338